[Event "Campeonato España Sub 14"]
[Site "Salobreña"]
[Date "2017.07.18"]
[Round "3"]
[White "Ros Alonso, Joana"]
[Black "Lopez Azorin, Alejandro"]
[Result "0-1"]
[Board "14"]
[WhiteClock "1:30"]
[WhiteElo "1966"]
[WhiteCountry "ESP"]
[WhiteFideId "32013426"]
[WhiteEloChange "-18"]
[BlackClock "1:30"]
[BlackElo "1607"]
[BlackCountry "ESP"]
[BlackFideId "24536512"]
[BlackEloChange "18"]

1. e4 {[%clk 1:30:00]} e5 {[%clk 1:30:00]} 2. Nc3 {[%clk 1:31:00]} Nc6 {[%clk
1:31:00]} 3. g3 {[%clk 1:31:00]} Bc5 {[%clk 1:31:00]} 4. Bg2 {[%clk 1:32:00]} a6
{[%clk 1:32:00]} 5. Nge2 {[%clk 1:32:00]} d6 {[%clk 1:32:00]} 6. d3 {[%clk
1:29:00]} Nf6 {[%clk 1:31:00]} 7. O-O {[%clk 1:23:00]} h5 {[%clk 1:32:00]} 8. Bg5
{[%clk 1:23:00]} Bg4 {[%clk 1:28:00]} 9. h3 {[%clk 1:12:00]} Be6 {[%clk 1:27:00]}
10. Nd5 {[%clk 1:03:00]} Bxd5 {[%clk 1:08:00]} 11. exd5 {[%clk 1:03:00]} Ne7
{[%clk 1:08:00]} 12. d4 {[%clk 0:56:00]} exd4 {[%clk 0:53:00]} 13. Nxd4 {[%clk
0:56:00]} Qd7 {[%clk 0:53:00]} 14. Bxf6 {[%clk 0:43:00]} gxf6 {[%clk 0:54:00]}
15. c3 {[%clk 0:36:00]} h4 {[%clk 0:45:00]} 16. b4 {[%clk 0:32:00]} Bb6 {[%clk
0:40:00]} 17. a4 {[%clk 0:22:00]} hxg3 {[%clk 0:33:00]} 18. fxg3 {[%clk 0:21:00]}
O-O-O {[%clk 0:27:00]} 19. a5 {[%clk 0:17:42]} Ba7 {[%clk 0:26:00]} 20. Qd3
{[%clk 0:14:30]} Rdg8 {[%clk 0:21:00]} 21. Rxf6 {[%clk 0:10:56]} Nxd5 {[%clk
0:03:15]} 22. Bxd5 {[%clk 0:05:15]} Rxh3 {[%clk 0:03:38]} 23. Rf3 {[%clk
0:04:05]} Qg4 {[%clk 0:01:03]} 24. Kg2 {[%clk 0:03:31]} Bxd4 {[%clk 0:00:59]} 25.
cxd4 {[%clk 0:03:37]} Kb8 {[%clk 0:00:34]} 26. Rh1 {[%clk 0:02:00]} Rgh8 {[%clk
0:00:48]} 27. Rxh3 {[%clk 0:01:06]} Qxh3+ {[%clk 0:01:15]} 28. Kf2 {[%clk
0:01:33]} Qh2+ {[%clk 0:01:24]} 29. Ke1 {[%clk 0:01:12]} Re8+ {[%clk 0:01:26]}
30. Kd1 {[%clk 0:01:17]} Qb2 {[%clk 0:00:47]} 31. Rf1 {[%clk 0:00:42]} Qa1+
{[%clk 0:00:42]} 32. Kc2 {[%clk 0:01:04]} Qa4+ {[%clk 0:00:45]} 33. Qb3 {[%clk
0:00:45]} Re2+ {[%clk 0:00:58]} 34. Kd1 {[%clk 0:01:04]} Qe8 {[%clk 0:00:49]} 35.
Qf3 {[%clk 0:00:57]} Rb2 {[%clk 0:00:39]} 36. Kc1 {[%clk 0:00:43]} Rxb4 {[%clk
0:00:46]} 37. Qc3 {[%clk 0:00:44]} Qa4 {[%clk 0:00:39]} 38. Rxf7 {[%clk 0:00:43]}
Qxa5 {[%clk 0:00:49]} 39. Bf3 {[%clk 0:00:42]} Rb1+ {[%clk 0:00:56]} 40. Kd2
{[%clk 0:01:02]} Qa2+ {[%clk 0:01:05]} 41. Qc2 {[%clk 0:00:42]} Qxf7 {[%clk
0:00:51]} 42. Qxb1 {[%clk 0:00:58]} Qxf3 {[%clk 0:01:11]} 43. Qg1 {[%clk
0:00:45]} a5 {[%clk 0:01:07]} 44. g4 {[%clk 0:01:06]} Qf7 {[%clk 0:01:10]} 45. g5
{[%clk 0:01:14]} a4 {[%clk 0:01:27]} 46. g6 {[%clk 0:01:03]} Qg8 {[%clk 0:01:54]}
47. g7 {[%clk 0:00:49]} a3 {[%clk 0:01:36]} 48. Kc2 {[%clk 0:01:06]} Qc4+ {[%clk
0:00:39]} 49. Kb1 {[%clk 0:00:39]} Qb3+ {[%clk 0:00:55]} 50. Kc1 {[%clk 0:00:45]}
Qb2+ {[%clk 0:00:55]} 0-1

[Event "Campeonato España Sub 14"]
[Site "Salobreña"]
[Date "2017.07.18"]
[Round "3"]
[White "Gutierrez Lupion, Daniel"]
[Black "Masague Artero, Guerau"]
[Result "0-1"]
[Board "15"]
[WhiteClock "1:30"]
[WhiteElo "1589"]
[WhiteCountry "ESP"]
[WhiteFideId "24516406"]
[WhiteEloChange "-2"]
[BlackClock "1:30"]
[BlackElo "1965"]
[BlackCountry "ESP"]
[BlackFideId "32098952"]
[BlackEloChange "2"]

1. e4 {[%clk 1:30:00]} c5 {[%clk 1:30:00]} 2. Nc3 {[%clk 1:31:00]} Nc6 {[%clk
1:31:00]} 3. f4 {[%clk 1:31:00]} g6 {[%clk 1:31:00]} 4. Nf3 {[%clk 1:31:00]} Bg7
{[%clk 1:31:00]} 5. Bb5 {[%clk 1:31:00]} Nd4 {[%clk 1:32:00]} 6. O-O {[%clk
1:31:00]} Nxb5 {[%clk 1:30:00]} 7. Nxb5 {[%clk 1:31:00]} d5 {[%clk 1:31:00]} 8.
e5 {[%clk 1:30:00]} a6 {[%clk 1:24:00]} 9. Nc3 {[%clk 1:26:00]} d4 {[%clk
1:24:00]} 10. Ne4 {[%clk 1:26:00]} Qd5 {[%clk 1:24:00]} 11. d3 {[%clk 1:25:00]}
h5 {[%clk 1:22:00]} 12. Nh4 {[%clk 1:19:00]} Nh6 {[%clk 1:20:00]} 13. Qf3 {[%clk
1:19:00]} Qc6 {[%clk 1:10:00]} 14. Qg3 {[%clk 1:16:00]} Nf5 {[%clk 1:02:00]} 15.
Qf2 {[%clk 1:05:00]} Be6 {[%clk 0:44:00]} 16. Nxf5 {[%clk 1:03:00]} gxf5 {[%clk
0:43:00]} 17. Ng5 {[%clk 1:02:00]} Bd5 {[%clk 0:43:00]} 18. Qg3 {[%clk 1:00:00]}
O-O-O {[%clk 0:40:00]} 19. Qh3 {[%clk 0:59:00]} Qg6 {[%clk 0:36:00]} 20. Bd2
{[%clk 0:58:00]} f6 {[%clk 0:32:00]} 21. Nf3 {[%clk 0:58:00]} Qg4 {[%clk
0:28:00]} 22. Qxg4 {[%clk 0:52:00]} hxg4 {[%clk 0:28:00]} 23. Ne1 {[%clk
0:52:00]} fxe5 {[%clk 0:26:00]} 24. g3 {[%clk 0:51:00]} e4 {[%clk 0:23:00]} 25.
dxe4 {[%clk 0:50:00]} fxe4 {[%clk 0:21:00]} 26. f5 {[%clk 0:48:00]} e3 {[%clk
0:21:00]} 27. Ba5 {[%clk 0:49:00]} Rxh2 {[%clk 0:21:00]} 28. Nf3 {[%clk 0:48:00]}
Bxf3 {[%clk 0:19:21]} 29. Rxf3 {[%clk 0:47:00]} Rdh8 {[%clk 0:19:45]} 30. Kf1
{[%clk 0:46:00]} gxf3 {[%clk 0:19:45]} 0-1

[Event "Campeonato España Sub 14"]
[Site "Salobreña"]
[Date "2017.07.18"]
[Round "3"]
[White "Carbonell Sancho, Marc"]
[Black "Diaz Gomez, Mateo"]
[Result "1-0"]
[Board "16"]
[WhiteClock "1:30"]
[WhiteElo "1943"]
[WhiteCountry "ESP"]
[WhiteFideId "32029969"]
[WhiteEloChange "2"]
[BlackClock "1:30"]
[BlackElo "1579"]
[BlackCountry "ESP"]
[BlackFideId "24535850"]
[BlackEloChange "-2"]

1. e4 {[%clk 1:30:00]} e5 {[%clk 1:30:00]} 2. Nf3 {[%clk 1:31:00]} f5 {[%clk
1:31:00]} 3. Bc4 {[%clk 1:22:00]} fxe4 {[%clk 1:29:00]} 4. Nxe5 {[%clk 1:22:00]}
d5 {[%clk 1:29:00]} 5. Qh5+ {[%clk 1:21:00]} g6 {[%clk 1:28:00]} 6. Nxg6 {[%clk
1:21:00]} hxg6 {[%clk 1:29:00]} 7. Qxh8 {[%clk 1:21:00]} Kf7 {[%clk 1:29:00]} 8.
Qd4 {[%clk 1:20:00]} Be6 {[%clk 1:28:00]} 9. Be2 {[%clk 1:17:00]} Bg7 {[%clk
1:26:00]} 10. Qe3 {[%clk 1:17:00]} Nc6 {[%clk 1:24:00]} 11. O-O {[%clk 1:16:00]}
Nd4 {[%clk 1:22:00]} 12. Na3 {[%clk 1:15:00]} Nh6 {[%clk 1:21:00]} 13. f3 {[%clk
1:02:00]} Nhf5 {[%clk 1:17:00]} 14. fxe4 {[%clk 1:02:00]} dxe4 {[%clk 1:10:00]}
15. c3 {[%clk 1:01:00]} Nxe2+ {[%clk 1:07:00]} 16. Qxe2 {[%clk 1:02:00]} Kg8
{[%clk 1:07:00]} 17. Qxe4 {[%clk 1:01:00]} Bd5 {[%clk 1:07:00]} 18. Qg4 {[%clk
1:01:00]} Qd6 {[%clk 1:05:00]} 19. d4 {[%clk 1:01:00]} Re8 {[%clk 0:59:00]} 20.
Bf4 {[%clk 0:58:00]} Qc6 {[%clk 0:58:00]} 21. Rae1 {[%clk 0:58:00]} Rf8 {[%clk
0:56:00]} 22. Be5 {[%clk 0:57:00]} Bxa2 {[%clk 0:52:00]} 23. Bxg7 {[%clk
0:57:00]} Kxg7 {[%clk 0:52:00]} 24. Nc2 {[%clk 0:57:00]} Bc4 {[%clk 0:52:00]} 25.
Rf4 {[%clk 0:56:00]} Qd6 {[%clk 0:47:00]} 26. Re5 {[%clk 0:53:00]} Bd3 {[%clk
0:46:00]} 27. Ne1 {[%clk 0:53:00]} Bb1 {[%clk 0:44:00]} 28. Nf3 {[%clk 0:51:00]}
Ne3 {[%clk 0:44:00]} 29. Qg5 {[%clk 0:51:00]} Rxf4 {[%clk 0:42:00]} 30. Qxf4
{[%clk 0:51:00]} Nc4 {[%clk 0:38:00]} 31. h4 {[%clk 0:41:00]} Nxe5 {[%clk
0:37:00]} 32. dxe5 {[%clk 0:41:00]} Qd8 {[%clk 0:37:00]} 33. Qd4 {[%clk 0:41:00]}
Qe7 {[%clk 0:37:00]} 34. e6+ {[%clk 0:41:00]} Kg8 {[%clk 0:37:00]} 35. Ng5 {[%clk
0:41:00]} Bf5 {[%clk 0:37:00]} 36. g4 {[%clk 0:41:00]} Bxe6 {[%clk 0:37:00]} 37.
Qe5 {[%clk 0:41:00]} 1-0

[Event "Campeonato España Sub 14"]
[Site "Salobreña"]
[Date "2017.07.18"]
[Round "3"]
[White "Rodriguez Ferreiros, Andres"]
[Black "Rodriguez Del Cerro, Ricardo"]
[Result "0-1"]
[Board "18"]
[WhiteClock "1:30"]
[WhiteElo "1684"]
[WhiteCountry "ESP"]
[WhiteFideId "32066201"]
[WhiteEloChange "-2"]
[BlackClock "1:30"]
[BlackElo "2034"]
[BlackCountry "ESP"]
[BlackFideId "24512451"]
[BlackEloChange "2"]

1. e4 {[%clk 1:30:00]} e6 {[%clk 1:30:00]} 2. Nf3 {[%clk 1:31:00]} d5 {[%clk
1:31:00]} 3. e5 {[%clk 1:30:00]} c5 {[%clk 1:31:00]} 4. b4 {[%clk 1:30:00]} d4
{[%clk 1:32:00]} 5. bxc5 {[%clk 1:21:00]} Bxc5 {[%clk 1:32:00]} 6. Ba3 {[%clk
1:16:00]} Qa5 {[%clk 1:33:00]} 7. Bxc5 {[%clk 1:14:00]} Qxc5 {[%clk 1:33:00]} 8.
c3 {[%clk 1:13:00]} Nc6 {[%clk 1:18:00]} 9. cxd4 {[%clk 1:10:00]} Nxd4 {[%clk
1:12:00]} 10. Qa4+ {[%clk 1:09:00]} Bd7 {[%clk 1:12:00]} 11. Qxd4 {[%clk
1:04:00]} Qc1+ {[%clk 1:12:00]} 12. Ke2 {[%clk 1:03:00]} Bb5+ {[%clk 0:38:00]}
13. d3 {[%clk 0:44:00]} Rd8 {[%clk 0:35:00]} 14. Nbd2 {[%clk 0:44:00]} Bxd3+
{[%clk 0:34:00]} 15. Ke3 {[%clk 0:39:00]} Qa3 {[%clk 0:34:00]} 16. Qxd8+ {[%clk
0:36:00]} Kxd8 {[%clk 0:35:00]} 17. Bxd3 {[%clk 0:36:00]} Ne7 {[%clk 0:34:00]}
18. Ke2 {[%clk 0:30:00]} Nd5 {[%clk 0:33:00]} 19. g3 {[%clk 0:23:00]} Ke7 {[%clk
0:25:00]} 20. Bc4 {[%clk 0:19:13]} Nc3+ {[%clk 0:17:26]} 21. Kf1 {[%clk 0:19:30]}
Ne4 {[%clk 0:17:22]} 22. Rb1 {[%clk 0:16:03]} b6 {[%clk 0:16:48]} 23. Bb3 {[%clk
0:16:11]} Nxd2+ {[%clk 0:16:53]} 24. Nxd2 {[%clk 0:16:39]} Rd8 {[%clk 0:16:14]}
25. Nc4 {[%clk 0:16:33]} Qc5 {[%clk 0:16:35]} 26. h3 {[%clk 0:15:15]} b5 {[%clk
0:15:50]} 27. Ne3 {[%clk 0:14:44]} Qxe5 {[%clk 0:15:45]} 28. Ke2 {[%clk 0:13:45]}
a5 {[%clk 0:13:52]} 29. Rhd1 {[%clk 0:13:06]} Qh5+ {[%clk 0:13:22]} 30. Ke1
{[%clk 0:12:13]} Qxh3 {[%clk 0:12:59]} 31. Rxd8 {[%clk 0:12:15]} Qh1+ {[%clk
0:12:55]} 32. Ke2 {[%clk 0:12:04]} Qxb1 {[%clk 0:13:18]} 33. Rb8 {[%clk 0:11:48]}
Qb2+ {[%clk 0:12:54]} 34. Kf3 {[%clk 0:11:43]} Qe5 {[%clk 0:12:26]} 35. Rb7+
{[%clk 0:11:52]} Kd8 {[%clk 0:12:20]} 36. Ke2 {[%clk 0:10:46]} Qb2+ {[%clk
0:11:01]} 37. Bc2 {[%clk 0:11:00]} b4 {[%clk 0:06:49]} 38. a4 {[%clk 0:08:37]} h5
{[%clk 0:05:21]} 39. Kd2 {[%clk 0:07:15]} Qc3+ {[%clk 0:05:41]} 40. Kd1 {[%clk
0:07:19]} g5 {[%clk 0:05:21]} 41. Kc1 {[%clk 0:05:29]} h4 {[%clk 0:05:03]} 42.
gxh4 {[%clk 0:04:02]} gxh4 {[%clk 0:05:32]} 43. Rxf7 {[%clk 0:03:53]} b3 {[%clk
0:05:37]} 44. Rh7 {[%clk 0:03:49]} bxc2 {[%clk 0:05:52]} 45. Nxc2 {[%clk
0:02:12]} h3 {[%clk 0:04:58]} 46. f4 {[%clk 0:01:44]} Qg3 {[%clk 0:04:53]} 47.
Kb2 {[%clk 0:01:37]} h2 {[%clk 0:05:05]} 48. Nd4 {[%clk 0:01:29]} Qf2+ {[%clk
0:04:42]} 49. Kc3 {[%clk 0:01:39]} Qe1+ {[%clk 0:05:08]} 50. Kc4 {[%clk 0:01:57]}
h1Q {[%clk 0:05:08]} 0-1

[Event "Campeonato España Sub 14"]
[Site "Salobreña"]
[Date "2017.07.18"]
[Round "3"]
[White "Perez Perez, Gabriel"]
[Black "Martinez Aragon, Aitor"]
[Result "0-1"]
[Board "19"]
[WhiteClock "1:30"]
[WhiteElo "2000"]
[WhiteCountry "ESP"]
[WhiteFideId "32089147"]
[WhiteEloChange "-17"]
[BlackClock "1:30"]
[BlackElo "1667"]
[BlackCountry "ESP"]
[BlackFideId "24563900"]
[BlackEloChange "17"]

1. d4 {[%clk 1:30:00]} Nf6 {[%clk 1:30:00]} 2. Nf3 {[%clk 1:31:00]} e6 {[%clk
1:31:00]} 3. g3 {[%clk 1:31:00]} d5 {[%clk 1:31:00]} 4. Bg2 {[%clk 1:31:00]} Be7
{[%clk 1:30:00]} 5. O-O {[%clk 1:31:00]} O-O {[%clk 1:31:00]} 6. c4 {[%clk
1:32:00]} c6 {[%clk 1:23:00]} 7. Qc2 {[%clk 1:31:00]} b6 {[%clk 1:19:00]} 8. Nc3
{[%clk 1:28:00]} Nbd7 {[%clk 1:17:00]} 9. e4 {[%clk 1:16:00]} dxc4 {[%clk
1:04:00]} 10. e5 {[%clk 1:13:00]} Nd5 {[%clk 1:03:00]} 11. Ne4 {[%clk 1:13:00]}
Nb4 {[%clk 1:00:00]} 12. Qb1 {[%clk 1:12:00]} Ba6 {[%clk 0:55:00]} 13. Rd1 {[%clk
1:11:00]} h6 {[%clk 0:52:00]} 14. b3 {[%clk 1:03:00]} Nd5 {[%clk 0:39:00]} 15.
Nfd2 {[%clk 0:48:00]} b5 {[%clk 0:36:00]} 16. Bb2 {[%clk 0:45:00]} Qa5 {[%clk
0:27:00]} 17. a4 {[%clk 0:43:00]} Qb6 {[%clk 0:21:00]} 18. a5 {[%clk 0:41:00]}
Qc7 {[%clk 0:20:00]} 19. bxc4 {[%clk 0:41:00]} bxc4 {[%clk 0:21:00]} 20. Qc1
{[%clk 0:40:00]} Rab8 {[%clk 0:20:00]} 21. Ba3 {[%clk 0:40:00]} Bxa3 {[%clk
0:19:28]} 22. Rxa3 {[%clk 0:40:00]} Rb4 {[%clk 0:17:48]} 23. Nc3 {[%clk 0:30:00]}
Nxc3 {[%clk 0:10:40]} 24. Qxc3 {[%clk 0:30:00]} Rfb8 {[%clk 0:09:33]} 25. f4
{[%clk 0:28:00]} Nf8 {[%clk 0:06:00]} 26. g4 {[%clk 0:27:00]} Ng6 {[%clk
0:05:24]} 27. Qe3 {[%clk 0:26:00]} Ne7 {[%clk 0:04:57]} 28. Qf2 {[%clk 0:19:12]}
Nd5 {[%clk 0:04:32]} 29. Rh3 {[%clk 0:19:40]} c3 {[%clk 0:04:07]} 30. Be4 {[%clk
0:17:52]} cxd2 {[%clk 0:03:21]} 31. g5 {[%clk 0:18:08]} Rb3 {[%clk 0:02:28]} 32.
Rxh6 {[%clk 0:13:41]} gxh6 {[%clk 0:02:24]} 33. Qh4 {[%clk 0:13:09]} hxg5 {[%clk
0:01:40]} 34. fxg5 {[%clk 0:10:23]} Bd3 {[%clk 0:01:34]} 35. Qh7+ {[%clk
0:08:54]} Kf8 {[%clk 0:02:01]} 36. Bxd3 {[%clk 0:07:40]} Nf4 {[%clk 0:01:43]} 37.
Qh8+ {[%clk 0:06:08]} Ke7 {[%clk 0:02:08]} 38. Qf6+ {[%clk 0:06:39]} Ke8 {[%clk
0:01:41]} 39. g6 {[%clk 0:05:31]} Nxg6 {[%clk 0:01:20]} 40. Bxg6 {[%clk 0:05:33]}
fxg6 {[%clk 0:01:46]} 41. Qxe6+ {[%clk 0:04:53]} Kf8 {[%clk 0:01:38]} 42. Rf1+
{[%clk 0:05:09]} Kg7 {[%clk 0:01:50]} 43. Qf6+ {[%clk 0:05:30]} Kg8 {[%clk
0:01:37]} 44. Qe6+ {[%clk 0:05:53]} Kh8 {[%clk 0:01:15]} 45. Qf6+ {[%clk
0:06:03]} Qg7 {[%clk 0:01:33]} 46. Qh4+ {[%clk 0:06:24]} Kg8 {[%clk 0:01:54]} 47.
Qg4 {[%clk 0:06:42]} Rb1 {[%clk 0:01:51]} 48. Qe6+ {[%clk 0:07:05]} Kh8 {[%clk
0:01:43]} 49. Qh3+ {[%clk 0:07:30]} Qh7 {[%clk 0:02:09]} 50. Qd3 {[%clk 0:07:31]}
Rxf1+ {[%clk 0:02:33]} 51. Kxf1 {[%clk 0:08:02]} Rf8+ {[%clk 0:02:43]} 52. Kg1
{[%clk 0:08:28]} Qf7 {[%clk 0:02:43]} 0-1

[Event "Campeonato España Sub 14"]
[Site "Salobreña"]
[Date "2017.07.18"]
[Round "3"]
[White "Serrera Sanchez-Romo, Sergio"]
[Black "Riu Lopez, Sergi"]
[Result "0-1"]
[Board "20"]
[WhiteClock "1:30"]
[WhiteElo "1679"]
[WhiteCountry "ESP"]
[WhiteFideId "24527220"]
[WhiteEloChange "-3"]
[BlackClock "1:30"]
[BlackElo "1982"]
[BlackCountry "ESP"]
[BlackFideId "32087047"]
[BlackEloChange "3"]

1. c4 {[%clk 1:30:00]} c5 {[%clk 1:30:00]} 2. g3 {[%clk 1:31:00]} g6 {[%clk
1:31:00]} 3. Bg2 {[%clk 1:31:00]} Bg7 {[%clk 1:31:00]} 4. e3 {[%clk 1:31:00]} Nc6
{[%clk 1:31:00]} 5. Ne2 {[%clk 1:31:00]} e5 {[%clk 1:31:00]} 6. Nbc3 {[%clk
1:31:00]} Nge7 {[%clk 1:31:00]} 7. O-O {[%clk 1:31:00]} O-O {[%clk 1:32:00]} 8.
a3 {[%clk 1:29:00]} d6 {[%clk 1:25:00]} 9. d3 {[%clk 1:29:00]} f5 {[%clk
1:22:00]} 10. Nd5 {[%clk 1:25:00]} Rb8 {[%clk 1:13:00]} 11. Rb1 {[%clk 1:04:00]}
b5 {[%clk 0:55:00]} 12. b4 {[%clk 0:56:00]} Be6 {[%clk 0:45:00]} 13. Nec3 {[%clk
0:35:00]} bxc4 {[%clk 0:38:00]} 14. dxc4 {[%clk 0:29:00]} e4 {[%clk 0:37:00]} 15.
Qc2 {[%clk 0:25:00]} Ne5 {[%clk 0:33:00]} 16. Nxe7+ {[%clk 0:23:00]} Qxe7 {[%clk
0:32:00]} 17. Nd5 {[%clk 0:22:00]} Qf7 {[%clk 0:27:00]} 18. Rd1 {[%clk 0:20:00]}
cxb4 {[%clk 0:26:00]} 19. Rxb4 {[%clk 0:18:28]} Rxb4 {[%clk 0:24:00]} 20. axb4
{[%clk 0:16:38]} Rc8 {[%clk 0:23:00]} 21. Bf1 {[%clk 0:14:14]} Bxd5 {[%clk
0:23:00]} 22. Rxd5 {[%clk 0:10:07]} Qxd5 {[%clk 0:23:00]} 0-1

[Event "Campeonato España Sub 14"]
[Site "Salobreña"]
[Date "2017.07.18"]
[Round "3"]
[White "Soto Martin, Miguel"]
[Black "Bertomeu Ginestar, Antoni"]
[Result "0-1"]
[Board "21"]
[WhiteClock "n/a"]
[WhiteElo "1881"]
[WhiteCountry "ESP"]
[WhiteFideId "32035195"]
[WhiteEloChange "-16"]
[BlackClock "n/a"]
[BlackElo "1660"]
[BlackCountry "ESP"]
[BlackFideId "24528277"]
[BlackEloChange "16"]

1. e4 {[%clk 1:30:30]} c5 {[%clk 1:30:30]} 2. Nf3 {[%clk 1:30:30]} d6 {[%clk
1:30:30]} 3. c3 {[%clk 1:30:30]} Nf6 {[%clk 1:30:30]} 4. h3 {[%clk 1:30:30]} Nc6
{[%clk 1:30:30]} 5. Bd3 {[%clk 1:30:30]} g6 {[%clk 1:30:30]} 6. O-O {[%clk
1:30:30]} Bg7 {[%clk 1:30:30]} 7. Bc2 {[%clk 1:30:30]} e5 {[%clk 1:30:30]} 8. d4
{[%clk 1:30:30]} O-O {[%clk 1:30:30]} 9. Be3 {[%clk 1:30:30]} b6 {[%clk 1:30:30]}
10. Qe2 {[%clk 1:30:30]} Bb7 {[%clk 1:30:30]} 11. d5 {[%clk 1:30:30]} Ne7 {[%clk
1:30:30]} 12. b4 {[%clk 1:30:30]} Nd7 {[%clk 1:30:30]} 13. Ba4 {[%clk 1:30:30]}
h6 {[%clk 1:30:30]} 14. bxc5 {[%clk 1:30:30]} bxc5 {[%clk 1:30:30]} 15. Nfd2
{[%clk 1:30:30]} Nb6 {[%clk 1:30:30]} 16. Bb5 {[%clk 1:30:30]} f5 {[%clk
1:30:30]} 17. f3 {[%clk 1:30:30]} Kh7 {[%clk 1:30:30]} 18. a4 {[%clk 1:30:30]} a5
{[%clk 1:30:30]} 19. Na3 {[%clk 1:30:30]} f4 {[%clk 1:30:30]} 20. Bf2 {[%clk
1:30:30]} g5 {[%clk 1:30:30]} 21. Nb3 {[%clk 1:30:30]} Ng6 {[%clk 1:30:30]} 22.
c4 {[%clk 1:30:30]} g4 {[%clk 1:30:30]} 23. Be1 {[%clk 1:30:30]} gxh3 {[%clk
1:30:30]} 24. gxh3 {[%clk 1:30:30]} Bc8 {[%clk 1:30:30]} 25. Kh2 {[%clk 1:30:30]}
Bf6 {[%clk 1:30:30]} 26. Nxa5 {[%clk 1:30:30]} Bh4 {[%clk 1:30:30]} 27. Nc6
{[%clk 1:30:30]} Bg3+ {[%clk 1:30:30]} 28. Kh1 {[%clk 1:30:30]} Qh4 {[%clk
1:30:30]} 29. Bxg3 {[%clk 1:30:30]} fxg3 {[%clk 1:30:30]} 30. f4 {[%clk 1:30:30]}
Nxf4 {[%clk 1:30:30]} 31. Rxf4 {[%clk 1:30:30]} Rxf4 {[%clk 1:30:30]} 32. Rf1
{[%clk 1:30:30]} Qxh3+ {[%clk 1:30:30]} 33. Kg1 {[%clk 1:30:30]} Rxf1+ {[%clk
1:30:30]} 0-1

[Event "Campeonato España Sub 14"]
[Site "Salobreña"]
[Date "2017.07.18"]
[Round "3"]
[White "Povill Claros, Laura"]
[Black "Estevez Sacristan, Deva"]
[Result "1-0"]
[Board "22"]
[WhiteClock "1:30"]
[WhiteElo "1831"]
[WhiteCountry "ESP"]
[WhiteFideId "32065957"]
[WhiteEloChange "4"]
[BlackClock "1:30"]
[BlackElo "1615"]
[BlackCountry "ESP"]
[BlackFideId "32041101"]
[BlackEloChange "-4"]

1. e4 {[%clk 1:30:00]} e6 {[%clk 1:30:00]} 2. d4 {[%clk 1:31:00]} d5 {[%clk
1:31:00]} 3. Nc3 {[%clk 1:31:00]} Nf6 {[%clk 1:31:00]} 4. Bg5 {[%clk 1:31:00]}
Bb4 {[%clk 1:32:00]} 5. e5 {[%clk 1:32:00]} h6 {[%clk 1:32:00]} 6. Bc1 {[%clk
1:32:00]} Ne4 {[%clk 1:31:00]} 7. Qg4 {[%clk 1:31:00]} g6 {[%clk 1:28:00]} 8. Ne2
{[%clk 1:31:00]} h5 {[%clk 1:26:00]} 9. Qf3 {[%clk 1:27:00]} Nxc3 {[%clk
1:22:00]} 10. bxc3 {[%clk 1:22:00]} Be7 {[%clk 1:22:00]} 11. Qd3 {[%clk 1:06:00]}
b6 {[%clk 1:19:00]} 12. Be3 {[%clk 0:57:00]} Ba6 {[%clk 1:17:00]} 13. Qd2 {[%clk
0:57:00]} c5 {[%clk 1:15:00]} 14. f4 {[%clk 0:48:00]} Nc6 {[%clk 1:13:00]} 15.
Nc1 {[%clk 0:40:00]} Bxf1 {[%clk 1:12:00]} 16. Kxf1 {[%clk 0:40:00]} Na5 {[%clk
1:10:00]} 17. Nb3 {[%clk 0:37:00]} Nc4 {[%clk 1:08:00]} 18. Qf2 {[%clk 0:37:00]}
Rc8 {[%clk 1:01:00]} 19. dxc5 {[%clk 0:32:00]} Nxe3+ {[%clk 1:02:00]} 20. Qxe3
{[%clk 0:32:00]} Bxc5 {[%clk 1:00:00]} 21. Nxc5 {[%clk 0:28:00]} Rxc5 {[%clk
1:00:00]} 22. Rd1 {[%clk 0:28:00]} Qc7 {[%clk 1:00:00]} 23. Rd3 {[%clk 0:28:00]}
Rc4 {[%clk 0:59:00]} 24. Kf2 {[%clk 0:24:00]} Kd7 {[%clk 0:56:00]} 25. Rb1 {[%clk
0:22:00]} Rc8 {[%clk 0:53:00]} 26. Rb3 {[%clk 0:22:00]} Re4 {[%clk 0:53:00]} 27.
Qxe4 {[%clk 0:22:00]} Ke8 {[%clk 0:51:00]} 28. Qa4+ {[%clk 0:21:00]} Kf8 {[%clk
0:51:00]} 29. Qd4 {[%clk 0:19:51]} Qe7 {[%clk 0:51:00]} 30. g3 {[%clk 0:19:30]}
h4 {[%clk 0:51:00]} 31. Kg2 {[%clk 0:18:59]} Rc4 {[%clk 0:50:00]} 32. Qe3 {[%clk
0:19:03]} Re4 {[%clk 0:50:00]} 33. Qd2 {[%clk 0:19:17]} hxg3 {[%clk 0:47:00]} 34.
hxg3 {[%clk 0:19:35]} g5 {[%clk 0:46:00]} 35. Rd4 {[%clk 0:18:55]} gxf4 {[%clk
0:44:00]} 36. Rxe4 {[%clk 0:18:56]} dxe4 {[%clk 0:41:00]} 37. Qd6 {[%clk
0:17:52]} f3+ {[%clk 0:41:00]} 38. Kf2 {[%clk 0:18:13]} f5 {[%clk 0:40:00]} 39.
Qxe7+ {[%clk 0:17:46]} Kxe7 {[%clk 0:40:00]} 40. Rb4 {[%clk 0:16:29]} Kd7 {[%clk
0:39:00]} 41. Rd4+ {[%clk 0:16:42]} Kc6 {[%clk 0:37:00]} 42. g4 {[%clk 0:15:47]}
fxg4 {[%clk 0:35:00]} 43. Rxe4 {[%clk 0:16:04]} Kd5 {[%clk 0:36:00]} 44. Rxg4
{[%clk 0:16:04]} 1-0

[Event "Campeonato España Sub 14"]
[Site "Salobreña"]
[Date "2017.07.18"]
[Round "3"]
[White "Gargallo Catalan, Oscar"]
[Black "Bustos Bernardo, Diego"]
[Result "0-1"]
[Board "23"]
[WhiteClock "1:30"]
[WhiteElo "1810"]
[WhiteCountry "ESP"]
[WhiteFideId "24528390"]
[WhiteEloChange "-16"]
[BlackClock "1:30"]
[BlackElo "1589"]
[BlackCountry "ESP"]
[BlackFideId "24523372"]
[BlackEloChange "16"]

1. d4 {[%clk 1:30:00]} d5 {[%clk 1:30:00]} 2. c4 {[%clk 1:30:00]} e6 {[%clk
1:31:00]} 3. Nf3 {[%clk 1:31:00]} c6 {[%clk 1:31:00]} 4. g3 {[%clk 1:31:00]} dxc4
{[%clk 1:31:00]} 5. Bg2 {[%clk 1:31:00]} b5 {[%clk 1:31:00]} 6. Ne5 {[%clk
1:31:00]} Bb7 {[%clk 1:31:00]} 7. a4 {[%clk 1:30:00]} a6 {[%clk 1:31:00]} 8. axb5
{[%clk 1:28:00]} axb5 {[%clk 1:31:00]} 9. Rxa8 {[%clk 1:28:00]} Bxa8 {[%clk
1:31:00]} 10. O-O {[%clk 1:27:00]} Nf6 {[%clk 1:31:00]} 11. Nc3 {[%clk 1:23:00]}
Nd5 {[%clk 1:30:00]} 12. e4 {[%clk 1:20:00]} Nxc3 {[%clk 1:29:00]} 13. bxc3
{[%clk 1:21:00]} Nd7 {[%clk 1:27:00]} 14. Nxd7 {[%clk 1:08:00]} Qxd7 {[%clk
1:28:00]} 15. d5 {[%clk 1:08:00]} cxd5 {[%clk 1:03:00]} 16. exd5 {[%clk 1:08:00]}
Bxd5 {[%clk 1:03:00]} 17. Bxd5 {[%clk 1:09:00]} Qxd5 {[%clk 1:03:00]} 18. Qxd5
{[%clk 1:09:00]} exd5 {[%clk 1:03:00]} 19. Re1+ {[%clk 1:09:00]} Kd7 {[%clk
1:04:00]} 20. Re5 {[%clk 1:10:00]} Kc6 {[%clk 1:03:00]} 21. Re8 {[%clk 1:09:00]}
g6 {[%clk 1:00:00]} 22. Rc8+ {[%clk 1:07:00]} Kb7 {[%clk 0:57:00]} 23. Rd8 {[%clk
1:06:00]} Kc6 {[%clk 0:56:00]} 24. Rc8+ {[%clk 1:06:00]} Kb7 {[%clk 0:45:00]} 25.
Rd8 {[%clk 1:06:00]} Bg7 {[%clk 0:45:00]} 26. Rxh8 {[%clk 1:06:00]} Bxh8 {[%clk
0:44:00]} 27. Bd2 {[%clk 1:07:00]} Kb6 {[%clk 0:44:00]} 28. Kf1 {[%clk 1:07:00]}
b4 {[%clk 0:41:00]} 29. cxb4 {[%clk 1:07:00]} c3 {[%clk 0:41:00]} 30. Bf4 {[%clk
1:07:00]} Kb5 {[%clk 0:41:00]} 31. Ke2 {[%clk 1:07:00]} Kxb4 {[%clk 0:41:00]} 32.
Kd3 {[%clk 1:07:00]} Kb3 {[%clk 0:41:00]} 33. Bc1 {[%clk 1:07:00]} Bg7 {[%clk
0:40:00]} 34. h3 {[%clk 1:07:00]} f5 {[%clk 0:39:00]} 35. f3 {[%clk 1:07:00]} Be5
{[%clk 0:39:00]} 36. f4 {[%clk 1:07:00]} Bf6 {[%clk 0:39:00]} 0-1